=LDR 00000nam 2200000 4500 =001 NUTBA000000000001352 =005 20140423124634.0 =006 =007 =008 =020 ##$$a979-489-976-4 =035 ##$$0010-041400000000622 =082 ##$$a 633 =100 ##$$aKARDINAN, AGUS =245 ##$$aMIMBA BUDI DAYA DAN PEMANFAATAN =260 ##$$a JAKARTA $b PENEBAR SWADAYA $c 2003 =440 ##$$aMIMBA BUDI DAYA DAN PEMANFAATAN =700 ##$$aKARDINAN, AGUS =850 ##$$a NBPNMAT =990 ##$$a 21194878/BPAP-NTB/2014 =990 ##$$a 0001/BPAP-NTB/20142015